Partes de una Célula Animal con Mapa - Estadísticas

Estadísticas generales
  • Esta prueba ha sido intentada 495 veces
  • La puntuación promedio es 10 de 24
Respuestas en el mapa
Las respuestas están codificadas por una escala verde-roja en el mapa de la prueba según el % correcto abajo.
 
Estadísticas de respuestas
% Correcto
Núcleo
98%
Mitocondrias
89%
Aparato de Golgi
79%
Ribosomas
76%
Membrana plasmática
75%
Citosol
66%
Nucleolo
64%
Retículo endoplasmático liso
63%
Retículo endoplasmático rugoso
63%
Lisosomas
55%
Vacuola
41%
Centrosoma
39%
Citoesqueleto
33%
Cilios / Flagelos
29%
Envoltura nuclear
24%
Vesícula
23%
Cromatina
21%
Peroxisomas
20%
Microtúbulos
18%
Poro nuclear
17%
Microfilamentos
12%
Nucleoplasma
12%
Microvellosidades
9%
Filamentos intermedios
6%
No se encontraron pruebas coincidentes
Distribución de puntuación
Porcentaje de gente con cada puntuación
Porcentaje por número respondido
Historial de tus puntuaciones
No has intentado esta prueba.